[Event "Vienna Ottakring 100 Years"]
[Site "Vienna"]
[Date "2023.08.28"]
[Round "3"]
[White "Elhijazi, Amine"]
[Black "Pluska, Alexander"]
[Result "0-1"]
[WhiteElo "1915"]
[BlackElo "2200"]
[PlyCount "84"]
[EventDate "2023.08.26"]
[EventType "swiss"]
[EventRounds "9"]
[EventCountry "AUT"]
[SourceTitle "CBM 216 Extra"]
[Source "ChessBase"]
[SourceDate "2023.11.30"]
[SourceVersion "1"]
[SourceVersionDate "2023.11.30"]
[SourceQuality "1"]

1. Nf3 Nf6 2. g3 g6 3. Bg2 Bg7 4. 0-0 0-0 5. d3 d5 6. Nbd2 Re8 7. e4 e5 8. Qe2 Nc6 9. c3 Be6 10. h3 h6 11. b4 Qd6 12. a4 dxe4 13. dxe4 Rad8 14. Bb2 Qd3 15. Rfe1 Qc2 16. Rec1 Qd3 17. Qe1 Re7 18. Bf1 Qd7 19. g4 h5 20. g5 Nh7 21. Kh2 Nxg5 22. Nxg5 Qxd2 23. Nxe6 Rxe6 24. Ba3 Rf6 25. b5 Na5 26. Be7 Qxf2+ 27. Qxf2 Rxf2+ 28. Kg3 Rdd2 29. Bg5 Ra2 30. Rd1 Rxa1 31. Rd8+ Kh7 32. Kxf2 f6 33. Be3 Rxa4 34. Bxa7 Nc6 35. bxc6 Rxa7 36. cxb7 Rxb7 37. Rd7 f5 38. Kf3 Kh6 39. Bd3 f4 40. Rf7 g5 41. Ba6 Rb6 42. Bc8 Rc6 0-1

[Event "Clichy rapid op"]
[Site "Clichy"]
[Date "2022.07.??"]
[Round "4"]
[White "Sochacki, Wojtek"]
[Black "Elhijazi, Amine"]
[Result "1-0"]
[WhiteElo "2285"]
[BlackElo "1944"]
[PlyCount "87"]
[EventDate "2022.07.09"]
[EventType "swiss (rapid)"]
[EventRounds "11"]
[EventCountry "FRA"]
[SourceTitle "EXT 2025"]
[Source "ChessBase"]
[SourceDate "2024.10.14"]
[SourceVersion "1"]
[SourceVersionDate "2024.10.14"]
[SourceQuality "1"]

1. d4 d6 2. Nf3 Nf6 3. g3 g6 4. Bg2 Bg7 5. 0-0 0-0 6. c4 Nc6 7. Nc3 e5 8. d5 Ne7 9. e4 h6 10. Ne1 Nd7 11. Nd3 f5 12. f4 exf4 13. Bxf4 g5 14. Be3 Ne5 15. Nxe5 Bxe5 16. Bd4 Ng6 17. exf5 Rxf5 18. Bxe5 Nxe5 19. Be4 Rxf1+ 20. Qxf1 Qe7 21. b3 Bg4 22. Qg2 Qd7 23. Re1 Rf8 24. Rf1 Re8 25. Qf2 Bh3 26. Bf5 Bxf5 27. Qxf5 Qxf5 28. Rxf5 a6 29. h3 Nd3 30. Rf3 Re1+ 31. Kg2 Ne5 32. Rf2 h5 33. Re2 Ra1 34. Ne4 g4 35. hxg4 hxg4 36. c5 Kg7 37. cxd6 Nf3 38. dxc7 Rg1+ 39. Kf2 Rc1 40. d6 Ne5 41. Nd2 Nf7 42. Nc4 Nxd6 43. Nxd6 Rxc7 44. Ne8+ 1-0